000 00694cam a22002172 4500
001 0000021194
005 20151217152227.0
008 120202s xx 000 0 eng d
020 _a1412915434 :
040 _aKABU
_cKABU
245 1 0 _aStrategic supervision :
_ba brief guide for managing social service organizations /
_cPeter J. Pecora ... [et al].
250 _a1st ed.
260 _aLos Angeles :
_bSage,
_c2010.
300 _ax, 234 p.
650 0 _aSocial work administration.
_@0000168155
650 0 _aHuman services.
_@0000181927
700 1 _aPecora, Peter J.
_@0000181928
852 1 _9p4990.40 KES
908 _a120202
950 _@1
999 _c9585
_d9585